| 000 | 00589nam a22001937a 4500 | ||
|---|---|---|---|
| 003 | OSt | ||
| 005 | 20251028063447.0 | ||
| 008 | 251028b |||||||| |||| 00| 0 eng d | ||
| 020 | _a978-971-37-0406-1 | ||
| 040 |
_aDWC-Main Lib. _cOC |
||
| 082 | _aFil. 005.52 V834 2011 | ||
| 245 |
_aVisual guide : _bMicrosoft Word 2010/ |
||
| 260 |
_a[S.l.] : _bJemma Development Group, _cc2011. |
||
| 300 |
_aix, 144 p. : _bill. ; _c26 cm. |
||
| 504 | _aIncludes bibliographical references. | ||
| 650 | _a1. Microsoft Word. | ||
| 650 | _a2. Word processing. | ||
| 942 |
_2ddc _cBK - FIL _hFil. _n0 |
||
| 999 |
_c5243 _d5243 |
||